Starostlivosť o prípravu mládeže na robotnícke povolanie záverečná práca postgraduálneho štúdia
Salvato in:
| Autore principale: | |
|---|---|
| Ente Autore: | |
| Altri autori: | |
| Natura: | Libro |
| Lingua: | slovacco |
| Pubblicazione: |
Bratislava
1988
|
| Tags: |
Nessun Tag, puoi essere il primo ad aggiungerne!!
|
MARC
| LEADER | 00000nam a2200000 4500 | ||
|---|---|---|---|
| 001 | c033793 | ||
| 005 | 20221219092343.2 | ||
| 041 | 0 | |a slo | |
| 044 | |a SK | ||
| 245 | 1 | 0 | |a Starostlivosť o prípravu mládeže na robotnícke povolanie |b záverečná práca postgraduálneho štúdia |c Mikuláš Horváth ; ved. práce Viola Klobušická |
| 264 | 1 | |a Bratislava |c 1988 | |
| 300 | |a 49 s. | ||
| 100 | 1 | |a Horváth, Mikuláš | |
| 700 | 1 | |a Klobušická, Viola | |
| 710 | 2 | |a Vysoká škola ekonomická v Bratislave | |